A.M.D.G. : la vida en los colegios de jesuitas /

Wedi'i Gadw mewn:
Manylion Llyfryddiaeth
Prif Awdur: Pérez de Ayala, Ramón (autor)
Awduron Eraill: Amorós, Andrés (edición) (edición)
Fformat: Llyfr
Iaith:Sbaeneg
Cyhoeddwyd: Madrid, España : Cátedra, 1984, c1984
Rhifyn:3a edición
Cyfres:(Letras Hispánicas Cátedra ; 177)
Pynciau:
Tagiau: Ychwanegu Tag
Dim Tagiau, Byddwch y cyntaf i dagio'r cofnod hwn!

MARC

LEADER 00000nam^a2200000^a^4500
001 000185789
005 20250521000000.0
009 20260310102202.172
020 |a 84-376-0398-6 
037 |a Acervo ITESO - Biblioteca 
041 |a ESP 
082 |a 863.  |b PER 
100 |a Pérez de Ayala, Ramón  |e (autor) 
240 1 1 |a [A.M.D.G.] 
245 1 0 |a A.M.D.G. :  |b la vida en los colegios de jesuitas /  |c R. Pérez de Ayala ; ed. e introd. de A. Amorós. 
246 2 |a Título en la cubierta: A.M.D.G. 
250 |a 3a edición 
264 4 |a Madrid, España :  |b Cátedra,  |c 1984, c1984 
300 |a 345 p. 
336 |a texto  |b txt  |2 rdacontenido 
337 |a sin mediación  |b n  |2 rdamedio 
338 |a volumen  |b nc  |2 rdasoporte 
440 1 |a (Letras Hispánicas Cátedra ;  |v 177) 
545 0 |a Ramón Pérez de Ayala (Oviedo, 1888 – Madrid, 1962), escritor español. Cursó estudios en Derecho, campo en el que fue alumno de Leopoldo Alas "Clarín", y desarrolló una carrera diplomática y una actividad política continua en paralelo a su trayectoria literaria. La paz del sendero (1903), que refleja la influencia del modernismo, es el primer libro de poemas del asturiano, quien con Tinieblas en las cumbres (1907), A.M.D.G. (1910) –una mirada muy crítica a la Compañía de Jesús y a su labor educativa- La pata de la raposa (1912) y Troteras y danzaderas (1913) dio forma a una primera etapa de sus novelas, caracterizada por su realismo, escepticismo y óptica satírica. Corresponsal para La Prensa de Buenos Aires en la Primera Guerra Mundial y embajador en Londres en 1918, Pérez de Ayala prosiguió su obra literaria con El sendero innumerable (1916) y El sendero andante (1921), libros en los que su poesía se torna más intelectual y a veces ideológica, y ensayos como Hermann encadenado (1917); Las máscaras (1917-1919), colección de sus críticas teatrales, y Política y toros (1918). Tres novelas poemáticas de la vida española (1916) demarcó el inicio de su segunda fase narrativa, más intelectualizada y propensa al uso de personajes como emblemas de diferentes posturas vitales, de la que forman parte Belarmino y Apolonio (1921); Luna de miel, luna de hiel y Los trabajos de Urbano y Simona (ambas de 1923); el volumen de relatos El ombligo del mundo (1925); Tigre Juan (1926) y El curandero y su honra (1926). Colaboró con el proyecto político de José Ortega y Gasset en la Segunda República, pero con el estallido de la Guerra Civil, dimitió a su cargo de embajador en Londres y se estableció en Buenos Aires, donde permaneció hasta 1954. Un año antes de su muerte fueron publicados sus escritos rememorativos en los volúmenes Fábulas y ciudades y Amistades y recuerdos. 
649 |a XX 
650 |a Jesuitas en la Literatura -  |x Tema Principal 
650 |a Jesuitas en la Educación -  |z España -  |x Tema Principal 
650 |a Jesuitas en España 
650 |a Monasticismo y Ordenes Religiosas -  |z España 
650 |a Iglesia y Educación -  |z España 
650 |a Iglesia Católica en España 
650 |a Novela Española 
650 |a Religión y Literatura -  |z España 
650 |a Literatura Española -  |y Siglo XX 
650 |a Catolicismo -  |z España 
650 |a Cristianismo -  |z España 
650 |a Religión -  |z España 
700 |a Amorós, Andrés  |e (edición) 
910 |a Fondo General 
920 |a Impresos - Libros 
930 |a Colección General 
940 |a Jesuitas 
940 |a Literatura 
905 |a 101 
901 |a 0500127037  |b IT1  |c LIT  |u 20250521 
902 |a https://opac.biblio.iteso.mx/vufind/Record/000185789